| 000 | 01053nam a2200325 4500 | ||
|---|---|---|---|
| 001 | 000 | ||
| 005 | 20150528112034.0 | ||
| 007 | 000 | ||
| 008 | 000 | ||
| 010 | _a 86002756 | ||
| 020 |
_a0582497191 (pbk.) : _c£7.95 |
||
| 040 |
_aUOEL _cDLC _dDLC |
||
| 043 | _ae-uk--- | ||
| 050 | 0 | 0 |
_aREF LC5256.G7 _bB44 1986 |
| 082 | 0 | 0 |
_a374/.973 _219 |
| 100 | 1 |
_aBell, Judith, _d1930- |
|
| 245 | 1 | 0 |
_aMature students, entry to higher education : _ba guide for students and advisers / _cJudith Bell, Shiela Hamilton, Gordon Roderick. |
| 260 |
_aLondon ; _aNew York : _bLongman, _c1986. |
||
| 300 |
_ax, 314 p. ; _c22 cm. |
||
| 500 | _aIncludes index. | ||
| 504 | _aBibliography: p. 310. | ||
| 650 | 0 |
_aContinuing education _zGreat Britain. |
|
| 650 | 0 |
_aAdult education _zGreat Britain. |
|
| 650 | 0 |
_aUniversities and colleges _zGreat Britain _xAdmission. |
|
| 650 | 0 |
_aEducation, Higher _zGreat Britain. |
|
| 700 | 1 |
_aHamilton, Shiela, _d1943- |
|
| 700 | 1 | _aRoderick, Gordon Wynne. | |
| 906 |
_a7 _bcbc _corignew _d1 _eocip _f19 _gy-gencatlg |
||
| 942 |
_2lcc _cREF |
||
| 999 |
_c9011 _d9011 |
||